| 000 | 00457cam a2200169ua 4500 | ||
|---|---|---|---|
| 020 | _cRs-10.00 | ||
| 041 |
_aeng _h |
||
| 082 |
_a547 _bSMI/MO |
||
| 100 | _aSmith, William B . | ||
| 245 |
_aModern introduction to organic chemistry / _cWilliam B Smith. _hTextual Documents |
||
| 260 |
_aNew Delhi : _bPrentice Hall of India Pvt Ltd. , _c1966. |
||
| 300 | _a265 ; . | ||
| 365 | _aRs-10.00 | ||
| 504 | _a | ||
| 942 | _cBK | ||
| 999 |
_c10330 _d10330 |
||